Manchester United - kadra w sezonie 2020/21 - Statystyki

Ogólne statystyki
  • Ten quiz został rozwiązany 35 razy
  • Średni wynik to 19 z 31
Statystyki odpowiedzi
Hint Odpowiedź % Poprawnych
1 Bramkarz Hiszpania David de Gea
100%
2 Obrońca Szwecja Victor Lindelöf
100%
6 Pomocnik Francja Paul Pogba
97%
10 Napastnik Anglia Marcus Rashford
94%
7 Napastnik Urugwaj Edinson Cavani
91%
5 Obrońca Anglia Harry Maguire
91%
9 Napastnik Francja Anthony Martial
88%
3 Obrońca WKS Eric Bailly
88%
18 Pomocnik Portugalia Bruno Fernandes
85%
20 Obrońca Portugalia Diogo Dalot
79%
23 Obrońca Anglia Luke Shaw
76%
39 Pomocnik Szkocja Scott McTominay
76%
8 Pomocnik Hiszpania Juan Mata
73%
29 Obrońca Anglia Aaron Wan-Bissaka
67%
21 Pomocnik Walia Daniel James
67%
11 Napastnik Anglia Mason Greenwood
67%
17 Pomocnik Brazylia Fred
64%
31 Pomocnik Serbia Nemanja Matić
61%
19 Pomocnik WKS Amad Diallo
55%
26 Bramkarz Anglia Dean Henderson
55%
25 Napastnik Nigeria Odion Ighalo
55%
46 Pomocnik Tunezja Hannibal Mejbri
52%
34 Pomocnik Holandia Donny van de Beek
42%
14 Pomocnik Anglia Jesse Lingard
42%
27 Obrońca Brazylia Alex Telles
39%
56 Napastnik Szwecja Anthony Elanga
39%
38 Obrońca Anglia Axel Tuanzebe
36%
33 Obrońca Anglia Brandon Williams
33%
24 Obrońca Holandia Timothy Fosu-Mensah
27%
74 Napastnik Anglia Shola Shoretire
6%
48 Obrońca Anglia Will Fish
6%
Nie znaleziono quizów pasujących do podanych kryteriów
Rozkład punktacji
Procent ludzi z każdym wynikiem
Percentyl według liczby udzielonych odpowiedzi
Twoja historia wyników
Nie rozwiązałeś tego quizu